000
00279nam a2200121Ia 4500
008
190216s9999||||xx |||||||||||||| ||und||
100
_a
Julis Grand
245
0
_a
Hackh`S Chemical Dictionary
260
_b
Mcgraw -hill
_c
1969
300
_a
738p
650
_a
Chemistry
942
_c
BK
999
_c
2266
_d
2266